| 000 | 00614nam a22002172 4500 | ||
|---|---|---|---|
| 001 | 0000019938 | ||
| 005 | 20151217152205.0 | ||
| 008 | 110323s xx 000 0 eng d | ||
| 020 | _a8173665303 : | ||
| 040 |
_aKABU _cKABU |
||
| 100 | 1 |
_aBergsten, Hans. _@0000179938 |
|
| 245 | 1 | 0 |
_aJavaServer pages / _cHans Bergsten. |
| 250 | _a3rd ed. | ||
| 260 |
_aBeijing : _bO'Reilly, _c2004. |
||
| 300 | _axxii, 755 p. | ||
| 650 | 0 |
_aWeb sites. _@0000179939 |
|
| 650 | 0 |
_aWeb site development. _@0000148521 |
|
| 852 | 1 | _9p4108 KES | |
| 908 | _a110323 | ||
| 950 | _@1 | ||
| 999 |
_c9133 _d9133 |
||